00614 a2200181 4500010001400000020002300014035001300037037001800050082001300068100002100081245012300102260004900225270005000274300002700324490003800351650002400389700001900413 aENG-85624 a0070607575c150.00 aEN-69157 bD.B.Act / Pub14a658.40381 aHasanali, Farida1 aContent managementba guide for your journey to knowledge management best practicescFarida Hasanali and Paige Leavitt aNew DelhibTata McGraw-Hill Publishingc2004 a7, West Patel NagarbNew DelhicDelhie110008 av, 91 p.c23 cm. (Pbk) aAPQC's passport to success series 0aContent management. aLeavitt, Paige